000 00552nam a2200181Ia 4500
008 151202s9999||||xx |||||||||||||| ||und||
082 _bPNVM-9203
100 _aबालंभट्टी.
245 _aबालंभट्टी टीका.
260 _bज.घारपुरे.
260 _c1835
300 _a626
600 _aबालंभट्टी.
630 _aबालंभट्टी टीका.
700 _aबालंभट्टी.
730 _aबालंभट्टी टीका.
942 _cBOOK
999 _c1275192
_d1275189